[Event "Manhem ChessWeek Elo"]
[Site "www.ssmanhem.se"]
[Date "2010.08.17"]
[Round "8"]
[White "Nemeth, Sebastian"]
[Black "Wahlström, Lennart"]
[Result "1-0"]
[WhiteElo "2111"]
[BlackElo "2169"]
[PlyCount "79"]
[EventDate "2010.??.??"]

1. e4 e5 2. Nf3 Nc6 3. Bb5 a6 4. Ba4 Nf6 5. O-O Be7 6. Re1 b5 7. Bb3 d6 8. c3
O-O 9. h3 Nd7 10. d4 Bf6 11. a4 Rb8 12. axb5 axb5 13. d5 Ne7 14. Na3 Ng6 15.
Nc2 Nc5 16. Nb4 Bd7 17. Bc2 Ra8 18. Rxa8 Qxa8 19. Ng5 h6 20. Nf3 Qd8 21. Nh2
Bg5 22. Nc6 Bxc6 23. Bxg5 Qxg5 24. Nf3 Qh5 25. dxc6 Nf4 26. Re3 Ra8 27. b4 Nce6
28. Qf1 Qg6 29. Nh4 Qg5 30. Nf5 g6 31. Rg3 Qh5 32. Bd1 Ra1 33. Bxh5 Rxf1+ 34.
Kxf1 Kh7 35. Bg4 h5 36. Nxd6 hxg4 37. Nxf7 gxh3 38. gxh3 Nh5 39. Ng5+ Nxg5 40.
Rxg5 1-0

[Event "Manhem ChessWeek Elo"]
[Site "www.ssmanhem.se"]
[Date "2010.08.17"]
[Round "8"]
[White "Persson, Börje"]
[Black "Andersson, Göran"]
[Result "1-0"]
[WhiteElo "1969"]
[BlackElo "2169"]
[PlyCount "49"]
[EventDate "2010.??.??"]

1. e4 c5 2. Nf3 d6 3. d4 cxd4 4. Nxd4 Nf6 5. Nc3 e6 6. Bg5 Be7 7. f4 Qb6 8. Nb3
h6 9. Bxf6 Bxf6 10. Qd2 O-O 11. O-O-O Rd8 12. Kb1 Na6 13. g4 Bd7 14. h4 Rac8
15. Rh3 Bc6 16. Nd4 Nc5 17. g5 Bxd4 18. Qxd4 h5 19. Be2 g6 20. f5 exf5 21. exf5
Bg2 22. Rh2 Qc6 23. fxg6 fxg6 24. Qf6 Be4 25. Bb5 1-0

[Event "Manhem ChessWeek Elo"]
[Site "www.ssmanhem.se"]
[Date "2010.08.17"]
[Round "8"]
[White "Knutsson, Håkan"]
[Black "Wihlborn, Bengt"]
[Result "1-0"]
[WhiteElo "1933"]
[BlackElo "1899"]
[PlyCount "115"]
[EventDate "2010.??.??"]

1. e4 c5 2. Nf3 e6 3. d4 cxd4 4. Nxd4 a6 5. Nc3 Qc7 6. Bd3 Nf6 7. O-O Bd6 8. h3
Bf4 9. Re1 Nc6 10. Nf3 Bxc1 11. Qxc1 d6 12. a3 O-O 13. Qe3 Ne5 14. Nxe5 dxe5
15. Ne2 Bd7 16. c3 Ba4 17. Rec1 Rfd8 18. c4 Qd6 19. Rc3 Rac8 20. b3 Bc6 21. c5
Qc7 22. f3 Rd7 23. b4 Ba4 24. Ra2 Rcd8 25. Kf2 h6 26. Bc4 Rd1 27. Bb3 Bxb3 28.
Rxb3 Qd7 29. Rc2 Rh1 30. Rc1 Rxc1 31. Qxc1 Kf8 32. Qc2 g5 33. Ke3 Nh5 34. Rd3
Qxd3+ 35. Qxd3 Rxd3+ 36. Kxd3 Ke7 37. Kc4 Kd7 38. a4 f5 39. g4 Ng7 40. Nc1 h5
41. Nd3 fxe4 42. Nxe5+ Kc7 43. fxe4 hxg4 44. hxg4 Ne8 45. Nf7 Nf6 46. Nxg5 e5
47. Ne6+ Kd7 48. g5 Nxe4 49. Kd5 Nc3+ 50. Kxe5 Nxa4 51. Kf6 Nc3 52. g6 Nd5+ 53.
Kf7 Ne7 54. Nd4 Nxg6 55. Kxg6 Kc7 56. Kf5 b6 57. c6 b5 58. Ke5 1-0

[Event "Manhem ChessWeek Elo"]
[Site "www.ssmanhem.se"]
[Date "2010.08.17"]
[Round "8"]
[White "Fransson, Lennart"]
[Black "Kasib, Laith"]
[Result "1-0"]
[WhiteElo "2098"]
[BlackElo "2115"]
[PlyCount "127"]
[EventDate "2010.??.??"]

1. c3 Nf6 2. d3 d5 3. Nf3 c5 4. g3 Nc6 5. Bg2 e5 6. O-O Be7 7. a3 O-O 8. b4 a6
9. Bg5 cxb4 10. cxb4 h6 11. Bc1 Be6 12. Nc3 Rc8 13. Bd2 d4 14. Na4 b5 15. Nc5
Bxc5 16. bxc5 Nd7 17. Rc1 Qe7 18. Qc2 Rc7 19. e3 Bd5 20. Nh4 Bxg2 21. Kxg2 Qe6
22. e4 Na7 23. Bb4 Rfc8 24. Qe2 Nxc5 25. Nf5 Kh7 26. Qc2 Qb6 27. Qe2 g6 28. Nh4
Nb3 29. Rxc7 Qxc7 30. Qg4 a5 31. Be1 Nc1 32. f4 Nxd3 33. fxe5 Nxe5 34. Qf4 Qe7
35. Bd2 g5 36. Qf5+ Kg7 37. Qxc8 Nxc8 38. Nf5+ Kf8 39. Nxe7 Kxe7 40. Bxa5 Nc4
41. Bb4+ Ke6 42. Kf3 Ne5+ 43. Ke2 Nb6 44. Rd1 d3+ 45. Ke3 Nbc4+ 46. Kd4 Nf3+
47. Kc5 d2 48. Kxb5 Nb2 49. Rxd2 Nxd2 50. Bxd2 Nd3 51. Bc3 Nf2 52. e5 Ne4 53.
Bb2 Kd7 54. a4 Kc7 55. a5 g4 56. a6 h5 57. e6 f6 58. e7 Nd6+ 59. Kc5 Ne8 60.
Bc1 Kb8 61. Kb6 Kc8 62. Bf4 f5 63. Be5 h4 64. gxh4 1-0

[Event "Manhem ChessWeek Elo"]
[Site "www.ssmanhem.se"]
[Date "2010.08.18"]
[Round "9"]
[White "Kasib, Laith"]
[Black "Nemeth, Sebastian"]
[Result "1/2-1/2"]
[WhiteElo "2115"]
[BlackElo "2111"]
[PlyCount "33"]
[EventDate "2010.??.??"]

1. Nf3 Nf6 2. c4 g6 3. Nc3 Bg7 4. e4 d6 5. d4 O-O 6. Be2 c5 7. O-O Na6 8. d5 e6
9. dxe6 Bxe6 10. Bf4 Qb6 11. Qd2 Rad8 12. h3 Qb4 13. Bxd6 Bxc4 14. e5 Ne8 15.
Bxc5 Qa5 16. Qe3 Nxc5 17. Bxc4 1/2-1/2

[Event "Manhem ChessWeek Elo"]
[Site "www.ssmanhem.se"]
[Date "2010.08.18"]
[Round "9"]
[White "Wahlström, Lennart"]
[Black "Fransson, Lennart"]
[Result "0-1"]
[WhiteElo "2169"]
[BlackElo "2098"]
[PlyCount "98"]
[EventDate "2010.??.??"]

1. e4 c6 2. d4 d5 3. exd5 cxd5 4. c4 e6 5. Nc3 Nf6 6. Nf3 Be7 7. Be2 O-O 8. O-O
dxc4 9. Bxc4 Nc6 10. Be3 Nb4 11. Ne5 a6 12. a3 Nbd5 13. Bd3 Nxc3 14. bxc3 Qc7
15. Bd2 Rd8 16. Qf3 Bd7 17. Rfe1 Be8 18. Bf4 Nd5 19. Qh3 f5 20. Bd2 b5 21. Qg3
Bd6 22. a4 bxa4 23. c4 Nb4 24. Bg5 Bxe5 25. Rxe5 Nxd3 26. Bxd8 Rxd8 27. Rxe6
Qxc4 28. Qg5 Qxd4 29. Rf1 Bb5 30. Re7 Rf8 31. Qd2 Qc5 32. Re3 Ne5 33. Rc3 Nc4
34. Qa2 Kh8 35. Rfc1 Rc8 36. Qe2 Qd5 37. Rd1 Qf7 38. Qf3 h6 39. Rdc1 Re8 40. h3
a3 41. g4 Rf8 42. Qg3 fxg4 43. hxg4 Qd5 44. Rd3 Qe4 45. Kh2 Ne5 46. Rxa3 Nxg4+
47. Kg1 Nxf2 48. Qg2 Qd4 49. Kh2 Qf4+ 0-1

[Event "Manhem ChessWeek Elo"]
[Site "www.ssmanhem.se"]
[Date "2010.08.18"]
[Round "9"]
[White "Wihlborn, Bengt"]
[Black "Bergren Torell, Harald"]
[Result "1/2-1/2"]
[WhiteElo "1899"]
[BlackElo "1927"]
[PlyCount "49"]
[EventDate "2010.??.??"]

1. Nf3 d6 2. d4 g6 3. c4 f5 4. g3 Nf6 5. Bg2 Bg7 6. O-O O-O 7. Nc3 Qe8 8. Re1
Qf7 9. d5 h6 10. Rb1 a5 11. b3 Na6 12. Bb2 Bd7 13. e3 Nc5 14. Nd4 Rac8 15. Qe2
Nfe4 16. Rbc1 c6 17. Red1 Nxc3 18. Bxc3 Ne4 19. Bxa5 cxd5 20. cxd5 Qxd5 21.
Rxc8 Rxc8 22. Be1 Qc5 23. Bf1 Nc3 24. Bxc3 Qxc3 25. Nb5 1/2-1/2

[Event "Manhem ChessWeek Elo"]
[Site "www.ssmanhem.se"]
[Date "2010.08.18"]
[Round "9"]
[White "Andersson, Göran"]
[Black "Knutsson, Håkan"]
[Result "1-0"]
[WhiteElo "2169"]
[BlackElo "1933"]
[PlyCount "57"]
[EventDate "2010.??.??"]

1. e4 c5 2. Nf3 d6 3. d4 cxd4 4. Nxd4 Nf6 5. Nc3 a6 6. Bg5 e5 7. Nf5 Bxf5 8.
exf5 Be7 9. Bxf6 Bxf6 10. g3 Be7 11. Bg2 Nc6 12. O-O O-O 13. Nd5 Rb8 14. c3 Qd7
15. Be4 f6 16. g4 Bd8 17. Kh1 Kh8 18. Rg1 Ne7 19. Rg3 Nxd5 20. Bxd5 Re8 21. Qf3
Qb5 22. Rh3 h6 23. Rg1 Re7 24. c4 Qxb2 25. g5 fxg5 26. f6 e4 27. fxe7 Bxe7 28.
Qxe4 Bf6 29. Qg6 1-0